000 00828nam a2200265Ia 4500
003 OSt
005 20220930085443.0
006 a|||||r|||| 00| 0
007 ta
008 220926b |||||||| |||| 00| 0 eng d
024 _a100582
037 _cTheses
040 _aCRL
_cCRL
_beng
041 _2eng
_aeng
100 _aDhawan Ashish
_9540315
110 _aUniversity of Delhi. Faculty of Sciences. Department of Chemistry
245 0 _aSynthesis of novel bioactive chromans, beta - amino alcohols and polymeric antioxidants
260 _c2009
300 _a341
_ap.
_ccm.
650 _aCHEMISTRY
700 _a Prof. V. S. Parmar Gu.
_9531909
700 _aUniversity of Delhi. Faculty of Sciences. Department of Chemistry
942 _cDIS
_2CC
999 _c878943
_d878943